Normal view
MARC view
- ندوة القدس في التاريخ والأدب واللغة 2009 :جرش ، جامعة فيلادلفيا تاليف المناصرة، عز الدين وآخرون ؛ تحرير عبدالخالق، غسان إسماعيل
Entry Personal Name
001 - CONTROL NUMBER
- control field: 33588
003 - CONTROL NUMBER IDENTIFIER
- control field: JO-AjAnu
005 - DATE AND TIME OF LATEST TRANSACTION
- control field: 20230606075632.0
008 - FIXED-LENGTH DATA ELEMENTS
- fixed length control field: 230606|| aca||aabn | a|a d
040 ## - CATALOGING SOURCE
- Original cataloging agency: JO-AjAnu
- Transcribing agency: JO-AjAnu
100 ## - HEADING--PERSONAL NAME
- Personal name: ندوة القدس في التاريخ والأدب واللغة 2009 :جرش ، جامعة فيلادلفيا تاليف المناصرة، عز الدين وآخرون ؛ تحرير عبدالخالق، غسان إسماعيل
670 ## - SOURCE DATA FOUND
- Source citation: Work cat.: (JO-AjAnu)17255: ندوة القدس في التاريخ والأدب واللغة 2009 :جرش ، جامعة فيلادلفيا تاليف المناصرة، عز الدين وآخرون ؛ تحرير عبدالخالق، غسان إسماعيل, author, القدس في التاريخ والأدب واللغة